000 01623cam a22004454i 4500
003 PE-LiUPU
005 20250731173143.0
008 150623s r 000 0 d
020 _a9968981680
035 _a(Sirsi) i9789968981682
040 _aPE-LiUPU
_bspa
_cPE-LiUPU
_erda
049 _aPRUA
082 0 4 _a248.86
_bC331f
_221
100 1 _aCarvalho, Esly Regina,
_eautor.
245 1 0 _aFamilia en crísis :
_bEnfrentando los problemas del hogar cristiano /
_cEsly Regina Carvalho.
264 1 _aSan Francisco de Dos Ríos, Costa Rica :
_bIINDEF,
_c1999.
300 _a93 páginas ;
_c21centímetros.
336 _atext
_2rdacontent
337 _aunmediated
_2rdamedia
338 _avolume
_2rdacarrier
490 0 _a(Biblioteca de Asesoramiento Pastoral)
504 _aIncluye bibliografía.
505 0 _aMi hijo ¿homosexual? -- Cuando el SIDA llega al hogar -- Los secretos bien guardados: la violencia doméstica -- Los secretos bien guardados: el abuso sexual -- Los secretos bien guardados: las adicciones -- Cuando el vínculo de pareja se rompe.
526 _aSEG42
526 _aSEG41
526 _aSEG40
526 _aSEG39
526 _aP94
526 _aP87
526 _aP86
526 _aP85
526 _aP77
526 _aP76
526 _aP35
650 0 4 _aFamilias con problemas.
942 _2ddc
_cBK
949 _a362.8286 C26
_wDEWEY
_c1
_i53084
_d2015-9-23
_e2015-9-23
_lCCODEBUL1
_mBUL
_n1
_p14.00
_r0
_sY
_tBOOK
_u2015-6-24
_xTEOLOGIA
_0COMPRA
_o.STAFF. Colección General
999 _c34886
_d34886
980 _81
_gALBERTO SANCHEZ Responsable de Automatización